Organizational behavior (Record no. 2821)
[ view plain ]
| 000 -LEADER | |
|---|---|
| fixed length control field | 01586cam a22001694a 4500 |
| 020 ## - INTERNATIONAL STANDARD BOOK NUMBER | |
| ISBN | 0324323638 |
| 050 ## - CALL NUMBER | |
| Classification number | HD58.7 |
| Item number | .H44 |
| 100 ## - AUTHOR | |
| Personal name | Hellriegel, Don. |
| 245 ## - TITLE | |
| Title | Organizational behavior |
| Remainder of title | Don Hellriegel, John W. Slocum, Jr. |
| 250 ## - EDITION | |
| Edition statement | 11 [ed.]. |
| 260 ## - PUBLICATION INFORMATION | |
| Place of publication | Mason, Ohio : |
| Name of publisher | Thomson/South-Western, |
| Year of publication | 2007. |
| 300 ## - DESCRIPTION | |
| Number of Pages | 1 v. (various pagings) : |
| Other physical details | col. ill. ; |
| Dimensions | 29 cm. |
| 500 ## - NOTES | |
| General note | Includes index. |
| 505 ## - FORMATTED CONTENTS NOTE | |
| Table of Content | Part I: Learning about Organizational Behavior --<br/>Chapter 1. Organizational Behavior and Foundation Competencies --<br/>Part 2: Individuals in Organizations --<br/>Chapter 2. Understanding Individual Differences --<br/>Chapter 3. Perceptions and Attributions --<br/>Chapter 4. Learning and Reinforcement --<br/>Chapter 5. Fundamentals of Motivation --<br/>Chapter 6. Motivation through Goal Setting and Reward Systems --<br/>Chapter 7. Workplace Stress and Aggression --<br/>Part 3: Leadership and Team Behaviors --<br/>Chapter 8. Leading Effectively: Foundations --<br/>Chapter 9. Leading Effectively: Contemporary Developments --<br/>Chapter 10. Developing and Leading Teams --<br/>Chapter 11. Managing Conflict and Negotiating Effectively --<br/>Chapter 12. Interpersonal Communication in Organizations --<br/>Part 4:The Organization --<br/>Chapter 13. Managerial and Ethical Decision Making --<br/>Chapter 14. Designing Organizations --<br/>Chapter 15. Cultivating Organizational Culture --<br/>Chapter 16. Guiding Organizational Change --<br/>Part 5: Integrating Cases --<br/>BizFlix --<br/>References --<br/>Author Index --<br/>Subject and Organizational Index. |
| 650 ## - SUBJECTS | |
| Topical Term | Organizational behavior |
| 942 ## - ADDED ENTRY ELEMENTS (KOHA) | |
| Koha item type | Books |
| Withdrawn status | Lost status | Home library | Current library | Shelving location | Date acquired | Full call number | Accession Number | Koha item type |
|---|---|---|---|---|---|---|---|---|
| Methodist University Library Tema | Methodist University Library Tema | General Stacks | 23/07/2014 | HD58.7 .H44 | 39909 | Books |